00287nam a2200097 4500008004100000022001300041245005000054260005400104300001100158650002000169240219b |||||||| |||| 00| 0 eng d a19972997 aEthics in action-Vol. 4, no. 5 (October 2010) aHong Kong :bAsian human rights commission,c2010 b143 p. aIslam -- Ethics